Конституционно-правовой статус органов законодательной и исполнительной власти субъектов Российской Федерации (Запись № 10600206)
[ простой вид ]
| 000 -МАРКЕР | |
|---|---|
| контрольное поле | 03350nam0a2200469 i 4500 |
| 001 - ИДЕНТИФИКАТОР ЗАПИСИ | |
| контрольное поле | RU\NLR\BIBL_A\010902834 |
| 005 - ИДЕНТИФИКАТОР ВЕРСИИ | |
| контрольное поле | 20260409063023.0 |
| 010 ## - МЕЖДУНАРОДНЫЙ СТАНДАРТНЫЙ НОМЕР КНИГИ (ISBN) | |
| Номер (ISBN) | 9785917686714 |
| Уточнения | Норма |
| 010 ## - МЕЖДУНАРОДНЫЙ СТАНДАРТНЫЙ НОМЕР КНИГИ (ISBN) | |
| Номер (ISBN) | 978-5-16-011406-4 |
| Уточнения | ИНФРА-М, print |
| 010 ## - МЕЖДУНАРОДНЫЙ СТАНДАРТНЫЙ НОМЕР КНИГИ (ISBN) | |
| Номер (ISBN) | 978-5-16-103647-1 |
| Уточнения | ИНФРА-М, online |
| Тираж | 200 |
| 021 ## - НОМЕР ГОСУДАРСТВЕННОЙ РЕГИСТРАЦИИ | |
| Код страны | Российская Федерация |
| Номер | 2015-84138 |
| Номер Листа государственной регистраци | 5142 |
| 035 ## - ДРУГИЕ СИСТЕМНЫЕ НОМЕРА | |
| Идентификатор записи | (NILC)RuMoRGB-008055436 |
| 035 ## - ДРУГИЕ СИСТЕМНЫЕ НОМЕРА | |
| Идентификатор записи | (NLR Aleph) 010902834 |
| 100 ## - ДАННЫЕ ОБЩЕЙ ОБРАБОТКИ | |
| Данные общей обработки | 20151118d2016 um y0rusy50 ca |
| 101 0# - ЯЗЫК РЕСУРСА | |
| Язык текста, звукозаписи и т.д. | русский |
| 102 ## - СТРАНА ПУБЛИКАЦИИ ИЛИ ПРОИЗВОДСТВА | |
| Страна публикации | Российская Федерация |
| 105 ## - ПОЛЕ КОДИРОВАННЫХ ДАННЫХ: ТЕКСТОВЫЕ МАТЕРИАЛЫ, МОНОГРАФИЧЕСКИЕ | |
| Кодированные данные о монографическом текстовом документе | y|||j|||000yy |
| 200 1# - ЗАГЛАВИЕ И СВЕДЕНИЯ ОБ ОТВЕТСТВЕННОСТИ | |
| Основное заглавие | Конституционно-правовой статус органов законодательной и исполнительной власти субъектов Российской Федерации |
| Сведения, относящиеся к заглавию | учебник для студентов, обучающихся по направлению подготовки "Юриспруденция", квалификация (степень) "магистр" |
| -- | [учебник для магистратуры |
| Первые сведения об ответственности | Заболотских Екатерина Михайловна к.ю.н., доц., Михайлова Марина Васильевна к.филос.н доц., Садовникова Галина Дмитриевна д.ю.н., проф., Таева Наталья Евгеньевна к.ю.н., доц.] |
| Последующие сведения об ответственности | отв. ред.: д.ю.н. Г. Д. Садовникова |
| -- | Московский гос. юридический ун-т им. О. Е. Кутафина (МГЮА) |
| 210 ## - ПУБЛИКАЦИЯ, РАСПРОСТРАНЕНИЕ И ДР. | |
| Место издания, распространения и т.д. | Москва |
| Имя издателя, распространителя и т. д. | Норма |
| -- | Инфра-М |
| Дата издания, распространения и т.д. | 2016 |
| -- | [т.е. 2015] |
| 215 ## - ФИЗИЧЕСКАЯ ХАРАКТЕРИСТИКА | |
| Специфическое обозначение материала и объем | 127 с. |
| Размеры | 21 |
| 300 ## - ОБЩИЕ ПРИМЕЧАНИЯ | |
| Текст примечания | Авт. указаны на с. 5 текста |
| 300 ## - ОБЩИЕ ПРИМЕЧАНИЯ | |
| Текст примечания | Кн. фактически изд. в 2015 г. |
| 320 ## - ПРИМЕЧАНИЯ О НАЛИЧИИ В ДОКУМЕНТЕ БИБЛИОГРАФИИ / УКАЗАТЕЛЯ | |
| Текст примечания | Библиогр.: с. 121-127, в подстроч. примеч. и в тексте |
| 606 1# - НАИМЕНОВАНИЕ ТЕМЫ КАК ПРЕДМЕТ | |
| Наименование темы | Органы государственной власти |
| Формальный подзаголовок | Учебники для высших учебных заведений |
| Тематический подзаголовок | Субъекты |
| Географический подзаголовок | Российская Федерация |
| Системный номер авторитетной/нормативной записи | 2285021 |
| Идентификатор авторитетной/нормативной записи | RU\NLR\AUTH\661368804 |
| 606 1# - НАИМЕНОВАНИЕ ТЕМЫ КАК ПРЕДМЕТ | |
| Наименование темы | Органы государственного управления |
| Формальный подзаголовок | Учебники для высших учебных заведений |
| Тематический подзаголовок | Субъекты |
| Географический подзаголовок | Российская Федерация |
| Системный номер авторитетной/нормативной записи | 2177280 |
| Идентификатор авторитетной/нормативной записи | RU\NLR\AUTH\661309489 |
| 610 0# - НЕКОНТРОЛИРУЕМЫЕ ПРЕДМЕТНЫЕ ТЕРМИНЫ | |
| Предметный термин | органы исполнительной власти |
| 610 0# - НЕКОНТРОЛИРУЕМЫЕ ПРЕДМЕТНЫЕ ТЕРМИНЫ | |
| Предметный термин | органы законодательной власти |
| 675 ## - УНИВЕРСАЛЬНАЯ ДЕСЯТИЧНАЯ КЛАССИФИКАЦИЯ (UDC/УДК) | |
| Индекс | 342 |
| 686 1# - ИНДЕКСЫ ДРУГИХ КЛАССИФИКАЦИЙ | |
| Индекс | Х620.61я73 |
| 686 1# - ИНДЕКСЫ ДРУГИХ КЛАССИФИКАЦИЙ | |
| Индекс | Х621.011.9я73 |
| 701 #1 - ИМЯ ЛИЦА - АЛЬТЕРНАТИВНАЯ ОТВЕТСТВЕННОСТЬ | |
| Начальный элемент ввода | Заболотских |
| Часть имени, кроме начального элемента ввода | Е. М. |
| Расширение инициалов личного имени | Екатерина Михайловна |
| 701 #1 - ИМЯ ЛИЦА - АЛЬТЕРНАТИВНАЯ ОТВЕТСТВЕННОСТЬ | |
| Графика поля | Кириллица |
| Материалы, к которым относится поле | rus |
| Начальный элемент ввода | Михайлова |
| Часть имени, кроме начального элемента ввода | М. В. |
| Дополнения к именам, кроме дат | канд. филос. наук |
| Расширение инициалов личного имени | Марина Васильевна |
| Системный номер авторитетной/нормативной записи | 65101 |
| Идентификатор авторитетной/нормативной записи | RU\NLR\AUTH\7782173 |
| 701 #1 - ИМЯ ЛИЦА - АЛЬТЕРНАТИВНАЯ ОТВЕТСТВЕННОСТЬ | |
| Начальный элемент ввода | Садовникова |
| Часть имени, кроме начального элемента ввода | Г. Д. |
| Расширение инициалов личного имени | Галина Дмитриевна |
| 701 #1 - ИМЯ ЛИЦА - АЛЬТЕРНАТИВНАЯ ОТВЕТСТВЕННОСТЬ | |
| Начальный элемент ввода | Таева |
| Часть имени, кроме начального элемента ввода | Н. Е. |
| Расширение инициалов личного имени | Наталья Евгеньевна |
| 702 #1 - ИМЯ ЛИЦА - ВТОРИЧНАЯ ОТВЕТСТВЕННОСТЬ | |
| Начальный элемент ввода | Садовникова |
| Часть имени, кроме начального элемента ввода | Г. Д. |
| Расширение инициалов личного имени | Галина Дмитриевна |
| Код отношения | Редактор |
| 712 02 - НАИМЕНОВАНИЕ ОРГАНИЗАЦИИ - ВТОРИЧНАЯ ОТВЕТСТВЕННОСТЬ | |
| Код отношения | Прочие |
| Начальный элемент ввода | Московский государственный юридический университет им. О. Е. Кутафина |
| Системный номер авторитетной/нормативной записи | 357016 |
| Идентификатор авторитетной/нормативной записи | RU\NLR\AUTH\8810235884 |
| 801 #0 - ИСТОЧНИК ЗАПИСИ | |
| Страна | Российская Федерация |
| Организация | РГБ |
| Дата составления | 20151028 |
| Правила каталогизации | RCR |
| 942 ## - ДОПОЛНИТЕЛЬНЫЕ ЭЛЕМЕНТЫ ЗАПИСИ (АБИС) | |
| Тип экземпляра АБИС | Книга |
| 980 ## - КОЛЛЕКЦИЯ | |
| Название коллекции | НБР |
Нет доступных экземпляров.